000 01062nab a2200229 i 4500
001 768714001
003 CO-MdFUSB
005 20240814162315.0
008 240814t1923 cr ||||| |||| 00| 0 eng d
040 _bspa
_cCO-MdFUSB
_dCO-MdFUSB
041 _aeng
245 4 _aThe scant giving that is abominable
520 _aEl amor de Dios por el mundo fue determinado por su generosidad, que lo llevó a dar a luz a su Hijo unigénito. Cuando realmente apreciemos la importancia de este regalo, comprenderemos el amor que supera el conocimiento. La grandeza de su gracia en su amor por nosotros es un río continuo que nos conduce al océano de la plenitud de su amor en Cristo Jesús.
546 _aTexto en inglés.
650 7 _aDios
_xAmor
_9256
650 0 _aMisiones
_9154
650 0 _aEvangelización
_9362
650 0 _aPredicación
_954
773 0 _070761
_982969
_oR2742
_tLatin America Mission
_w(CO-MdFUSB)768714001
_gVolumen 3, (número 11, 1924), páginas: 3 - 4
_qpágina: 3
942 _cANA
945 _aCatherine Arias Álvarez - Practicante SENA
999 _c70838
_d70838